000 00402nam a22001697a 4500
003 OSt
005 20220523094715.0
008 220523b |||||||| |||| 00| 0 eng d
020 _a978-0-330-24836-5
040 _aDDC
_cHU
082 _21ST
_a823
_b1
100 _aDICK FRANCIS
_936880
245 _aHIGH STAKES
250 _a1ST
260 _aLONDON
_bMICHARL JOSEPH LTD
_c1975
942 _2ddc
_cBOOKS
_n0
999 _c35458
_d35458